Normal view
MARC view
- Mirzā, Munīr,
Entry Topical Term
001 - CONTROL NUMBER
- control field: 5303
003 - CONTROL NUMBER IDENTIFIER
- control field: NUST
005 - DATE AND TIME OF LATEST TRANSACTION
- control field: 20171006123800.0
008 - FIXED-LENGTH DATA ELEMENTS
- fixed length control field: 171006|| aca||aabn | a|a d
040 ## - CATALOGING SOURCE
- Original cataloging agency: NUST
- Transcribing agency: NUST
150 ## - HEADING--TOPICAL TERM
- Topical term or geographic name entry element: Mirzā, Munīr,
- : 1936-
- General subdivision: Travel
- Geographic subdivision: Chitrāl District (Pakistan)
670 ## - SOURCE DATA FOUND
- Source citation: Work cat.: (NUST)0: 880-01 Mirzā, Munīr, 1936- 5302, Parbaton̲ kā shīndūr /, 2012.
